[Event "Budapest Spring Festival 2019"]
[Site "Budapest"]
[Date "2019.04.12"]
[Round "4.31"]
[White "Torma, Robert"]
[Black "Polyik, Peter"]
[Result "0-1"]
[WhiteElo "2463"]
[BlackElo "2303"]
[Annotator "ChessBase"]
[PlyCount "141"]
[EventDate "2019.04.09"]
[EventType "swiss"]
[EventCountry "HUN"]
[SourceTitle "playchess.com"]
[Source "ChessBase"]
[SourceQuality "1"]
[TimeControl "40/5400+30:1800+30"]

1. e4 {[%emt 0:00:04]} c5 {[%emt 0:00:19]} 2. Nf3 {[%emt 0:00:07]} e6 {[%emt 0:00:07]} 3. g3 {[%emt 0:00:04]} d5 {[%emt 0:00:27]} 4. exd5 {[%emt 0:00:27]} exd5 {[%emt 0:00:06]} 5. d4 {[%emt 0:00:08]} Nc6 {[%emt 0:00:05]} 6. Bg2 {[%emt 0:00:53]} Bg4 {[%emt 0:00:07]} 7. O-O {[%emt 0:00:44]} cxd4 {[%emt 0:00:30]} 8. Nbd2 {[%emt 0:02:14]} Be7 {[%emt 0:01:33]} 9. h3 {[%emt 0:10:55]} Bh5 {[%emt 0:07:36]} 10. Nb3 {[%emt 0:01:25]} Bxf3 {[%emt 0:12:52]} 11. Qxf3 {[%emt 0:13:51]} Nf6 {[%emt 0:00:21]} 12. Bg5 {[%emt 0:19:18]} O-O {[%emt 0:01:01]} 13. Rad1 {[%emt 0:00:51]} Rc8 {[%emt 0:02:31]} 14. Rfe1 {[%emt 0:06:31]} h6 {[%emt 0:04:32]} 15. Bxf6 {[%emt 0:03:21]} Bxf6 {[%emt 0:00:07]} 16. Qxd5 {[%emt 0:08:04]} Qxd5 {[%emt 0:02:29]} 17. Bxd5 {[%emt 0:00:04]} Nb4 {[%emt 0:00:33]} 18. Be4 {[%emt 0:17:19]} Nxc2 {[%emt 0:08:24]} 19. Re2 {[%emt 0:00:04]} Nb4 {[%emt 0:00:28]} 20. a3 {[%emt 0:05:48]} Nc6 {[%emt 0:01:19]} 21. Nc5 {[%emt 0:04:05]} Ne5 {[%emt 0:11:24]} 22. Nxb7 {[%emt 0:00:28]} Rc7 {[%emt 0:01:02]} 23. Na5 {[%emt 0:01:41]} Rb8 {[%emt 0:03:42]} 24. f4 {[%emt 0:01:04]} Ng6 {[%emt 0:09:05]} 25. b4 {[%emt 0:02:10]} Rc3 {[%emt 0:00:38]} 26. Rd3 {[%emt 0:00:42]} Rbc8 {[%emt 0:01:39]} 27. Red2 {[%emt 0:00:11]} Re8 {[%emt 0:00:41]} 28. Bf5 {[%emt 0:00:47]} Re3 {[%emt 0:00:49]} 29. Rxe3 {[%emt 0:00:39]} dxe3 {[%emt 0:01:59]} 30. Rc2 {[%emt 0:00:19]} Rxa3 {[%emt 0:01:35]} 31. Nc6 {[%emt 0:00:04]} h5 {[%emt 0:01:07]} 32. h4 {[%emt 0:00:26]} Nf8 {[%emt 0:06:38]} 33. Kg2 {[%emt 0:00:20]} g6 {[%emt 0:00:10]} 34. Be4 {[%emt 0:00:32]} Ne6 {[%emt 0:00:34]} 35. Bf3 {[%emt 0:00:42]} Kg7 {[%emt 0:01:26]} 36. Be2 {[%emt 0:00:13]} Nc7 {[%emt 0:02:16]} 37. b5 {[%emt 0:00:24]} Nd5 {[%emt 0:02:23]} 38. Bc4 {[%emt 0:00:55]} e2 {[%emt 0:00:50]} 39. Rxe2 {[%emt 0:00:12]} Ne3+ {[%emt 0:00:07]} 40. Rxe3 {[%emt 0:00:00]} Rxe3 {[%emt 0:00:00]} 41. Nxa7 {[%emt 0:00:18]} Rc3 {[%emt 0:02:27]} 42. Be2 {[%emt 0:03:57]} Ra3 {[%emt 0:04:37]} 43. Nc6 {[%emt 0:01:03]} Bc3 {[%emt 0:00:18]} 44. Kf2 {[%emt 0:04:51]} Ra1 {[%emt 0:05:59]} 45. Ne5 {[%emt 0:06:45]} Bxe5 {[%emt 0:08:29]} 46. fxe5 {[%emt 0:00:15]} Ra3 {[%emt 0:01:14]} 47. Bc4 {[%emt 0:05:02]} Rc3 {[%emt 0:00:12]} 48. Bd5 {[%emt 0:00:48]} Rd3 {[%emt 0:03:38]} 49. Bc4 {[%emt 0:02:47]} Rd4 {[%emt 0:00:51]} 50. Be2 {[%emt 0:00:28]} Re4 {[%emt 0:00:57]} 51. Bd3 {[%emt 0:01:06]} Rxe5 {[%emt 0:05:40]} 52. b6 {[%emt 0:00:04]} Re6 {[%emt 0:01:01]} 53. b7 {[%emt 0:00:09]} Rb6 {[%emt 0:00:03]} 54. Be4 {[%emt 0:00:05]} Kf6 {[%emt 0:05:07]} 55. Bd5 {[%emt 0:01:01]} Rb4 {[%emt 0:00:28]} 56. Kf3 {[%emt 0:01:20]} Ke7 {[%emt 0:00:46]} 57. Ke3 {[%emt 0:01:46]} f6 {[%emt 0:02:33]} 58. Kf2 {[%emt 0:00:11]} Kd6 {[%emt 0:01:30]} 59. Be4 {[%emt 0:02:02]} f5 {[%emt 0:00:09]} 60. Bf3 {[%emt 0:00:13]} Ke5 {[%emt 0:00:04]} 61. Bc6 {[%emt 0:03:37]} f4 {[%emt 0:00:42]} 62. Kg2 {[%emt 0:01:23]} Rb2+ {[%emt 0:00:24]} 63. Kh3 {[%emt 0:00:11]} Rb3 {[%emt 0:00:41]} 64. Kh2 {[%emt 0:00:05]} fxg3+ {[%emt 0:00:17]} 65. Kh3 {[%emt 0:00:06]} Kf4 {[%emt 0:00:35]} 66. Bd5 {[%emt 0:00:59]} Rb2 {[%emt 0:02:50]} 67. Bg2 {[%emt 0:00:04]} Rb6 {[%emt 0:01:22]} 68. Bc6 {[%emt 0:01:03]} g2 {[%emt 0:00:44]} 69. Kxg2 {[%emt 0:01:06]} Kg4 {[%emt 0:00:05]} 70. Be4 {[%emt 0:00:21]} Kxh4 {[%emt 0:00:06]} 71. Bd5 0-1

[Event "Budapest Spring Festival 2019"]
[Site "Budapest"]
[Date "2019.04.12"]
[Round "4.32"]
[White "Bayramov, Zaur"]
[Black "Shagbazyan, Taron"]
[Result "1/2-1/2"]
[WhiteElo "2301"]
[BlackElo "2429"]
[Annotator "NA"]
[PlyCount "152"]
[EventDate "2019.04.09"]
[EventType "swiss"]
[EventCountry "HUN"]
[SourceTitle "playchess.com"]
[Source "ChessBase"]
[SourceQuality "1"]
[TimeControl "40/5400+30:1800+30"]

1. d4 {[%emt 0:00:03]} Nf6 {[%emt 0:04:00]} 2. Nf3 {[%emt 0:00:21]} b6 {[%emt 0:00:37]} 3. Bf4 {[%emt 0:00:30]} Bb7 {[%emt 0:00:11]} 4. Nbd2 {[%emt 0:00:31]} g6 {[%emt 0:00:39]} 5. c3 {[%emt 0:01:01]} Bg7 {[%emt 0:02:20]} 6. Qc2 {[%emt 0:00:13]} c5 {[%emt 0:05:01]} 7. e3 {[%emt 0:04:51]} O-O {[%emt 0:02:15]} 8. Be2 {[%emt 0:00:25]} d6 {[%emt 0:01:26]} 9. h3 {[%emt 0:00:32]} Nbd7 {[%emt 0:01:33]} 10. O-O {[%emt 0:00:57]} Qc7 {[%emt 0:01:06]} 11. Bh2 {[%emt 0:03:51]} Rac8 {[%emt 0:10:00] A48: 1 d4 Nf6 2 Nf3 g6: Torre, London and Colle Systems} 12. Rfe1 {[%emt 0:04:54]} (12. Rfc1 Qb8 13. Qd1 Qa8 14. Qf1 Ne4 15. Ba6 Nxd2 16. Nxd2 cxd4 17. cxd4 Rxc1 18. Rxc1 Rc8 19. Bxb7 Qxb7 20. Rxc8+ {½-½ (20) Krivoshey,S (2471)-Gladyszev,O (2426) Elets 2014}) 12... a6 {[%emt 0:06:33]} 13. a4 {[%emt 0:01:04]} Qb8 {[%emt 0:00:29]} 14. Bd3 $146 {[%emt 0:07:05]} ({Predecessor:} 14. Qb3 Qa8 15. Rec1 Ne4 16. Nxe4 Bxe4 17. Ne1 Qb7 18. f3 Bc6 19. Bg3 Bh6 20. Bf2 e5 {0-1 (34) Jezek,J (2171)-Jurek,J (2248) Plzen 2018}) 14... Qa8 {[%emt 0:04:59]} 15. Qb1 {[%emt 0:00:43]} cxd4 {[%emt 0:24:58]} 16. exd4 {[%emt 0:02:41]} Rfe8 {[%emt 0:00:49]} 17. Qa2 {[%emt 0:06:57]} Bh6 {[%emt 0:07:54]} 18. Bf1 {[%emt 0:07:43]} Nd5 {[%emt 0:05:27]} 19. Qb3 {[%emt 0:15:05]} Nf4 {[%emt 0:03:09]} 20. Bxf4 {[%emt 0:15:29]} Bxf4 {[%emt 0:00:04]} 21. Qc2 {[%emt 0:03:02]} Nf6 {[%emt 0:09:44]} 22. Be2 {[%emt 0:03:51]} Bh6 {[%emt 0:02:49]} 23. Nc4 {[%emt 0:06:07]} Qa7 {[%emt 0:00:44]} 24. Qb3 {[%emt 0:00:53]} Nd5 {[%emt 0:02:02]} 25. Nfd2 {[%emt 0:00:20]} Bxd2 {[%emt 0:01:36]} 26. Nxd2 {[%emt 0:00:06]} Nf4 {[%emt 0:00:33]} 27. Bf3 {[%emt 0:00:31]} Bxf3 {[%emt 0:00:12]} 28. Nxf3 {[%emt 0:00:09]} Qb7 {[%emt 0:00:47]} 29. Re3 {[%emt 0:05:19]} b5 {[%emt 0:00:55]} 30. axb5 {[%emt 0:00:49]} axb5 {[%emt 0:00:04]} 31. Ra5 {[%emt 0:00:28]} Rb8 {[%emt 0:00:04]} 32. Kh2 {[%emt 0:03:03]} Qd5 {[%emt 0:01:22]} 33. Qxd5 {[%emt 0:00:25]} Nxd5 {[%emt 0:00:02]} 34. Re1 {[%emt 0:00:18]} e6 {[%emt 0:01:35]} 35. Nd2 {[%emt 0:01:18]} Rb6 {[%emt 0:00:36]} 36. c4 {[%emt 0:00:48]} Nc7 {[%emt 0:00:26]} 37. c5 {[%emt 0:00:22]} dxc5 {[%emt 0:00:25]} 38. dxc5 {[%emt 0:00:01]} Ra6 {[%emt 0:00:16]} 39. Rea1 {[%emt 0:05:29]} Rea8 {[%emt 0:00:05]} 40. Nb3 {[%emt 0:00:00]} Kf8 {[%emt 0:00:00]} 41. Kg3 {[%emt 0:05:10]} Ke7 {[%emt 0:06:18]} 42. Kf4 {[%emt 0:10:12]} Rxa5 43. Rxa5 {[%emt 0:03:20]} Rxa5 {[%emt 0:08:05]} 44. Nxa5 {[%emt 0:00:07]} f6 {[%emt 0:00:20]} 45. Ke4 {[%emt 0:08:50]} Na6 {[%emt 0:03:55]} 46. Kd4 {[%emt 0:00:52]} (46. Nb3 $11) 46... e5+ {[%emt 0:00:18]} 47. Kd5 $17 {[%emt 0:02:26] [#]} Nb4+ $1 {[%emt 0:00:02]} 48. Ke4 {[%emt 0:00:06]} Ke6 {[%emt 0:00:01]} 49. g4 {[%emt 0:01:13]} f5+ {[%emt 0:00:43]} 50. gxf5+ {[%emt 0:00:05]} gxf5+ {[%emt 0:00:02]} 51. Ke3 {[%emt 0:01:01]} Kd5 {[%emt 0:06:23]} 52. f4 {[%emt 0:00:47]} Kxc5 {[%emt 0:01:58]} 53. fxe5 {[%emt 0:00:28]} Kd5 {[%emt 0:00:01]} 54. e6 {[%emt 0:01:53]} Kxe6 {[%emt 0:00:08]} 55. Kd4 {[%emt 0:00:30]} h5 {[%emt 0:02:13]} 56. h4 {[%emt 0:00:40]} Nc2+ {[%emt 0:04:19]} 57. Kc3 {[%emt 0:01:38]} Ne3 {[%emt 0:00:49]} 58. Kd3 {[%emt 0:00:25]} Ng2 {[%emt 0:00:37]} 59. Nc6 {[%emt 0:00:43]} Kd5 {[%emt 0:03:06]} 60. Ne7+ {[%emt 0:00:15]} Ke5 {[%emt 0:00:02]} 61. Nc6+ {[%emt 0:00:25]} Kf4 {[%emt 0:00:37]} 62. Nd4 {[%emt 0:00:38]} b4 {[%emt 0:00:00]} 63. Nc2 {[%emt 0:00:18]} b3 {[%emt 0:00:14]} 64. Nd4 {[%emt 0:00:18]} Nxh4 {[%emt 0:00:49]} 65. Nxb3 {[%emt 0:00:04]} Nf3 {[%emt 0:00:50]} 66. Ke2 {[%emt 0:01:10]} Kg3 {[%emt 0:00:16]} 67. Kf1 {[%emt 0:00:58]} h4 {[%emt 0:00:30]} 68. Nc1 {[%emt 0:00:20]} Nd4 {[%emt 0:00:28]} 69. b4 {[%emt 0:00:11]} h3 {[%emt 0:00:30]} 70. Kg1 {[%emt 0:00:17]} f4 {[%emt 0:01:57]} 71. Nd3 {[%emt 0:00:24]} h2+ {[%emt 0:01:28]} 72. Kh1 {[%emt 0:00:06]} f3 {[%emt 0:00:24]} 73. Nc5 {[%emt 0:00:13]} Nf5 {[%emt 0:00:47]} 74. Ne4+ {[%emt 0:01:46]} Kf4 {[%emt 0:00:25]} 75. Nf2 {[%emt 0:00:07]} Ke3 {[%emt 0:00:29]} 76. Nh3 {[%emt 0:00:50]} Kd4 {[%emt 0:00:33]} 1/2-1/2

[Event "Budapest Spring Festival 2019"]
[Site "Budapest"]
[Date "2019.04.12"]
[Round "4.33"]
[White "Horvath, Dominik"]
[Black "Urhegyi, Marton"]
[Result "1/2-1/2"]
[WhiteElo "2412"]
[BlackElo "2299"]
[Annotator "ChessBase"]
[PlyCount "75"]
[EventDate "2019.04.09"]
[EventType "swiss"]
[EventCountry "HUN"]
[SourceTitle "playchess.com"]
[Source "ChessBase"]
[SourceQuality "1"]
[TimeControl "40/5400+30:1800+30"]

1. d4 {[%emt 0:00:12]} d5 {[%emt 0:00:18]} 2. Nf3 {[%emt 0:00:13]} Nf6 {[%emt 0:00:05]} 3. c4 {[%emt 0:00:04]} e6 {[%emt 0:04:48]} 4. Nc3 {[%emt 0:01:24]} Be7 {[%emt 0:00:42]} 5. Bf4 {[%emt 0:01:10]} O-O {[%emt 0:00:57]} 6. e3 {[%emt 0:00:04]} b6 {[%emt 0:02:03]} 7. Bd3 {[%emt 0:01:21]} Bb7 {[%emt 0:00:53]} 8. cxd5 {[%emt 0:04:24]} exd5 {[%emt 0:04:22]} 9. O-O {[%emt 0:05:44]} Nbd7 {[%emt 0:04:59]} 10. Rc1 {[%emt 0:09:43]} c5 {[%emt 0:02:26]} 11. Ne5 {[%emt 0:06:38]} Nxe5 {[%emt 0:21:16]} 12. Bxe5 {[%emt 0:00:20]} Nd7 {[%emt 0:05:23]} 13. Bf4 {[%emt 0:06:25]} a6 {[%emt 0:12:26]} 14. Qf3 {[%emt 0:10:07]} Kh8 {[%emt 0:06:07]} 15. Rfd1 {[%emt 0:05:35]} cxd4 {[%emt 0:04:34]} 16. exd4 {[%emt 0:01:49]} Re8 {[%emt 0:02:50]} 17. Na4 {[%emt 0:04:57]} Rc8 {[%emt 0:05:10]} 18. Rxc8 {[%emt 0:16:49]} Qxc8 {[%emt 0:00:17]} 19. Rc1 {[%emt 0:03:05]} Bc6 {[%emt 0:00:41]} 20. Bf5 {[%emt 0:00:47]} Qb7 {[%emt 0:04:35]} 21. Nc3 {[%emt 0:01:21]} Bf6 {[%emt 0:01:17]} 22. Qd3 {[%emt 0:00:50]} Nf8 {[%emt 0:01:05]} 23. h3 {[%emt 0:01:12]} b5 {[%emt 0:04:56]} 24. b4 {[%emt 0:03:32]} Bd7 {[%emt 0:01:30]} 25. Bxd7 {[%emt 0:00:49]} Qxd7 {[%emt 0:02:04]} 26. Qf3 {[%emt 0:01:33]} Ne6 {[%emt 0:01:36]} 27. Be3 {[%emt 0:02:48]} Bxd4 {[%emt 0:05:10]} 28. Qxd5 {[%emt 0:00:54]} Qxd5 {[%emt 0:00:37]} 29. Nxd5 {[%emt 0:00:05]} Rd8 {[%emt 0:00:40]} 30. Bxd4 {[%emt 0:01:57]} Nxd4 {[%emt 0:00:32]} 31. Rc7 {[%emt 0:02:29]} Ne6 {[%emt 0:00:33]} 32. Re7 {[%emt 0:00:03]} g6 {[%emt 0:00:32]} 33. Nf6 {[%emt 0:01:24]} Kg7 {[%emt 0:00:29]} 34. Ng4 {[%emt 0:00:02]} Rd2 {[%emt 0:00:32]} 35. a3 {[%emt 0:01:08]} h5 {[%emt 0:00:32]} 36. Ne5 {[%emt 0:02:24]} Kf6 {[%emt 0:00:26]} 37. Rd7 {[%emt 0:00:03]} Rxd7 {[%emt 0:00:35]} 38. Nxd7+ {Ke5} 1/2-1/2

[Event "Budapest Spring Festival 2019"]
[Site "Budapest"]
[Date "2019.04.12"]
[Round "4.34"]
[White "Nomin-Erdene, Davaademberel"]
[Black "Lyell, Mark"]
[Result "1-0"]
[WhiteElo "2399"]
[BlackElo "2298"]
[Annotator "NA"]
[PlyCount "103"]
[EventDate "2019.04.09"]
[EventType "swiss"]
[EventCountry "HUN"]
[SourceTitle "playchess.com"]
[Source "ChessBase"]
[SourceQuality "1"]
[TimeControl "40/5400+30:1800+30"]

1. e4 {[%emt 0:00:04]} d6 {[%emt 0:01:49]} 2. d4 {[%emt 0:00:20]} g6 {[%emt 0:00:52]} 3. Nc3 {[%emt 0:00:14]} a6 {[%emt 0:00:19]} 4. a4 {[%emt 0:00:12]} Bg7 {[%emt 0:01:13]} 5. Be3 {[%emt 0:00:10]} Nf6 {[%emt 0:00:40]} 6. f3 {[%emt 0:00:12]} Nc6 {[%emt 0:00:08] B06: Modern Defence} (6... c6 7. Qd2 h5 8. Bd3 a5 9. Nge2 Na6 10. O-O O-O 11. Kh1 e5 12. Bc4 Nb4 13. Bb3 Qc7 14. Bh6 {½-½ (70) Radjabov,T (2745)-Nakamura,H (2775) Stavanger 2013}) 7. Qd2 {[%emt 0:07:39]} e5 {[%emt 0:00:31]} 8. d5 {[%emt 0:00:07]} Ne7 {[%emt 0:02:14]} 9. Rd1 {[%emt 0:06:22]} O-O {[%emt 0:00:41]} 10. g4 {[%emt 0:00:04]} Ne8 $146 {[%emt 0:00:58]} ({Predecessor:} 10... c6 11. dxc6 Nxc6 12. Qxd6 Nd4 13. Qxd8 Rxd8 14. Bd3 {0-1 (42) Bolacky,J (2155)-Vokac,M (2520) Ceske Budejovice 2000}) 11. h4 {[%emt 0:13:47]} f5 {[%emt 0:01:55]} 12. g5 {[%emt 0:09:18]} fxe4 {[%emt 0:12:00]} 13. Nxe4 {[%emt 0:04:11]} Nf5 {[%emt 0:05:27]} 14. Bf2 {[%emt 0:11:51]} Nd4 {[%emt 0:04:54]} 15. Bg2 {[%emt 0:00:13]} c6 {[%emt 0:08:56]} 16. c3 {[%emt 0:04:19]} Nf5 {[%emt 0:15:09]} 17. Bf1 {[%emt 0:09:30]} Qe7 {[%emt 0:03:51]} 18. Bc4 {[%emt 0:01:48]} b5 {[%emt 0:00:55]} 19. Ba2 {[%emt 0:00:40]} bxa4 {[%emt 0:04:17]} 20. h5 {[%emt 0:04:39]} gxh5 {[%emt 0:01:57]} 21. Rxh5 {[%emt 0:00:05]} Qf7 {[%emt 0:04:22]} 22. g6 {[%emt 0:09:31]} Qxg6 {[%emt 0:01:20]} 23. dxc6+ {[%emt 0:00:04]} Be6 {[%emt 0:01:59]} 24. Bxe6+ {[%emt 0:01:28]} Qxe6 {[%emt 0:00:04]} 25. Ng5 {[%emt 0:01:48]} Qc4 {[%emt 0:06:15]} 26. Nxh7 {[%emt 0:00:57]} Nf6 {[%emt 0:04:09]} 27. Rxf5 {[%emt 0:02:17]} Nxh7 {[%emt 0:00:13]} 28. Rxf8+ {[%emt 0:01:37]} Bxf8 {[%emt 0:00:43]} 29. c7 {[%emt 0:04:04]} Nf6 {[%emt 0:08:21]} 30. Qg5+ {[%emt 0:04:08]} Kf7 {[%emt 0:00:12]} 31. Bh4 {[%emt 0:01:11]} Qe6 {[%emt 0:04:20]} 32. Nh3 {[%emt 0:02:22]} Bg7 {[%emt 0:03:20]} 33. Qg2 {[%emt 0:00:39]} Bh6 {[%emt 0:00:31]} 34. Ng5+ {[%emt 0:00:25]} Bxg5 {[%emt 0:00:12]} 35. Qxg5 {[%emt 0:00:02]} Rc8 {[%emt 0:01:03]} 36. Qxf6+ {[%emt 0:00:16]} Qxf6 {[%emt 0:00:16]} 37. Bxf6 {[%emt 0:00:02]} Kxf6 {[%emt 0:00:35]} 38. Rxd6+ {[%emt 0:00:05]} Kf5 {[%emt 0:01:32]} 39. Rxa6 {[%emt 0:01:51]} Rxc7 {[%emt 0:00:39]} 40. Rxa4 {[%emt 0:00:00]} Rh7 {[%emt 0:00:00]} 41. Re4 {[%emt 0:05:53]} Rh3 {[%emt 0:02:44]} 42. Re3 {[%emt 0:00:29]} Kf4 {[%emt 0:02:34]} 43. Kd2 {[%emt 0:00:22]} Rh2+ {[%emt 0:02:31]} 44. Re2 {[%emt 0:00:07]} Rh5 {[%emt 0:00:35]} 45. Re4+ {[%emt 0:04:55]} Kxf3 {[%emt 0:00:53]} 46. Kd3 {[%emt 0:00:04]} Kf2 {[%emt 0:04:56]} 47. Kc4 {[%emt 0:00:52]} Kf3 {[%emt 0:00:50]} 48. Kd5 {[%emt 0:00:16]} Rh2 {[%emt 0:00:51]} 49. b4 {[%emt 0:00:17]} Rc2 {[%emt 0:01:07]} 50. c4 {[%emt 0:00:17]} Rd2+ {[%emt 0:00:34]} 51. Kxe5 {[%emt 0:00:06]} Rd8 {[%emt 0:00:21]} 52. Rh4 $18 {[%emt 0:00:57] Ke4+ Kxe4} 1-0

[Event "Budapest Spring Festival 2019"]
[Site "Budapest"]
[Date "2019.04.12"]
[Round "4.35"]
[White "Turzo, Attila"]
[Black "Taylor, Adam C"]
[Result "0-1"]
[WhiteElo "2296"]
[BlackElo "2398"]
[Annotator "NA"]
[PlyCount "91"]
[EventDate "2019.04.09"]
[EventType "swiss"]
[EventCountry "HUN"]
[SourceTitle "playchess.com"]
[Source "ChessBase"]
[SourceQuality "1"]
[TimeControl "40/5400+30:1800+30"]

1. d4 {[%emt 0:00:08]} Nf6 {[%emt 0:00:06]} 2. c4 {[%emt 0:00:06]} c5 {[%emt 0:00:20]} 3. d5 {[%emt 0:00:10]} e6 {[%emt 0:00:35]} 4. Nc3 {[%emt 0:00:15]} exd5 {[%emt 0:00:06]} 5. cxd5 {[%emt 0:00:06]} d6 {[%emt 0:00:06]} 6. Nf3 {[%emt 0:00:35]} g6 {[%emt 0:00:05]} 7. g3 {[%emt 0:00:10]} Bg7 {[%emt 0:01:12]} 8. Bg2 {[%emt 0:00:05]} O-O {[%emt 0:03:01]} 9. O-O {[%emt 0:00:05]} Bg4 {[%emt 0:03:48]} 10. h3 {[%emt 0:16:45]} Bxf3 {[%emt 0:00:29]} 11. Bxf3 {[%emt 0:02:47]} Qd7 {[%emt 0:07:45]} 12. Bg2 {[%emt 0:03:47]} b5 {[%emt 0:00:06]} 13. Qc2 {[%emt 0:21:39]} Na6 {[%emt 0:01:15]} 14. e4 {[%emt 0:04:29]} Rfe8 {[%emt 0:01:30]} 15. a3 $11 {[%emt 0:05:39]} c4 {[%emt 0:08:53]} 16. Be3 {[%emt 0:02:51]} Rac8 {[%emt 0:00:20]} 17. Rae1 {[%emt 0:07:18]} Nc5 {[%emt 0:00:21]} 18. Bxc5 {[%emt 0:01:00]} Rxc5 {[%emt 0:00:04]} 19. f4 {[%emt 0:00:10]} a5 {[%emt 0:20:40]} 20. e5 {[%emt 0:04:06]} dxe5 {[%emt 0:00:04]} 21. fxe5 Nxd5 {[%emt 0:00:15]} 22. Qf2 {[%emt 0:07:24]} Nxc3 {[%emt 0:00:08]} 23. Qxc5 {[%emt 0:00:11]} Na4 {[%emt 0:00:02]} 24. Qd5 {[%emt 0:03:16]} Qxd5 {[%emt 0:04:25]} 25. Bxd5 {[%emt 0:00:05]} Re7 {[%emt 0:00:11]} 26. Rxf7 {[%emt 0:08:19]} Rxf7 {[%emt 0:00:24]} 27. Rf1 {[%emt 0:00:01]} Bxe5 {[%emt 0:00:24]} 28. Rxf7 {[%emt 0:06:21]} Kh8 {[%emt 0:00:07]} 29. Rb7 {[%emt 0:01:06]} Nxb2 {[%emt 0:01:34]} 30. Rxb5 {[%emt 0:00:09]} c3 {[%emt 0:00:24]} 31. Be4 {[%emt 0:01:00]} Bd4+ {[%emt 0:00:38]} 32. Kg2 {[%emt 0:01:13]} Nc4 {[%emt 0:00:05]} 33. a4 {[%emt 0:01:19]} Kg7 {[%emt 0:02:31]} 34. Rb7+ {[%emt 0:01:29]} Kf6 {[%emt 0:00:06]} 35. Rc7 {[%emt 0:00:31]} Ke5 {[%emt 0:03:08]} 36. Bd3 {[%emt 0:00:05]} Nb6 {[%emt 0:00:03]} 37. Bc2 {[%emt 0:00:18]} Nd5 {[%emt 0:00:08]} 38. Rxh7 {[%emt 0:03:08]} Ne3+ {[%emt 0:00:04]} 39. Kf3 {[%emt 0:00:05]} Nxc2 {[%emt 0:00:02]} 40. Ke2 {[%emt 0:00:00]} Nb4 {[%emt 0:00:00]} 41. Rc7 {[%emt 0:04:23]} c2 {[%emt 0:04:06]} 42. h4 {[%emt 0:03:00]} Bb2 {[%emt 0:02:11]} 43. Kd2 {[%emt 0:04:37]} Kf5 {[%emt 0:01:17]} 44. Rc4 {[%emt 0:01:40]} c1=Q+ {[%emt 0:01:04]} 45. Rxc1 {[%emt 0:04:56]} Bxc1+ {[%emt 0:00:02]} 46. Kxc1 {[%emt 0:00:07]} 0-1

[Event "Budapest Spring Festival 2019"]
[Site "Budapest"]
[Date "2019.04.12"]
[Round "4.36"]
[White "Nguyen, Van Thanh"]
[Black "Nemeth, Zoltan"]
[Result "1-0"]
[WhiteElo "2391"]
[BlackElo "2279"]
[Annotator "NA"]
[PlyCount "69"]
[EventDate "2019.04.09"]
[EventType "swiss"]
[EventCountry "HUN"]
[SourceTitle "playchess.com"]
[Source "ChessBase"]
[SourceQuality "1"]
[TimeControl "40/5400+30:1800+30"]

1. d4 {[%emt 0:00:03]} Nf6 {[%emt 0:05:16]} 2. Nf3 {[%emt 0:00:15]} b6 {[%emt 0:00:43]} 3. c4 {[%emt 0:00:31]} e6 {[%emt 0:00:07]} 4. a3 {[%emt 0:00:14]} Bb7 {[%emt 0:00:16]} 5. Nc3 {[%emt 0:00:24]} Be7 {[%emt 0:00:57]} 6. d5 {[%emt 0:01:20]} O-O {[%emt 0:01:48]} 7. e4 {[%emt 0:01:15]} d6 {[%emt 0:00:24]} 8. Be2 {[%emt 0:01:09]} a5 {[%emt 0:03:14] E12: Queen's Indian: Unusual White 4th moves, 4 a3, 4 Nc3 Bb7 5 a3 and 4 Nc3 Bb7} (8... Nbd7 9. O-O a5 10. Be3 Ng4 11. Bd2 Bf6 12. Ne1 Nge5 13. Rc1 Ng6 14. b4 axb4 15. axb4 c5 16. dxc6 Bxc6 {0-1 (57) Smeets,J (2643)-Bartel,M (2619) Biel 2013}) 9. Nd4 {[%emt 0:07:19]} c5 {[%emt 0:28:11]} 10. Ndb5 $146 {[%emt 0:04:30]} ({Predecessor:} 10. Nc2 Re8 11. O-O Bf8 12. Bg5 Nbd7 13. Ne3 Be7 14. dxe6 fxe6 15. Qc2 Ng4 16. Bf4 Nxe3 17. Bxe3 {1-0 (46) Lorincz,I (2370)-Pal,G (2230) Budapest 1994}) 10... e5 {[%emt 0:02:00]} 11. O-O {[%emt 0:02:39]} Ba6 {[%emt 0:01:28]} 12. Qd3 {[%emt 0:02:31]} Bxb5 {[%emt 0:00:15]} (12... Ne8 $16) 13. Nxb5 {[%emt 0:01:39]} Ne8 {[%emt 0:03:09]} 14. g3 {[%emt 0:02:42]} Nc7 {[%emt 0:01:04]} 15. Nc3 {[%emt 0:00:30]} Bg5 {[%emt 0:01:43]} 16. f4 {[%emt 0:00:54]} Bf6 {[%emt 0:02:28]} 17. Kh1 {[%emt 0:05:27]} Nd7 {[%emt 0:00:22]} 18. Bd2 {[%emt 0:06:36]} exf4 {[%emt 0:00:40]} 19. gxf4 $16 {[%emt 0:00:20]} ({Don't do} 19. Bxf4 $6 Qe7 $14) 19... Bd4 {[%emt 0:00:21]} 20. Rae1 {[%emt 0:05:45]} Re8 {[%emt 0:06:30]} 21. Bd1 {[%emt 0:01:05]} Rb8 {[%emt 0:04:16]} 22. Ba4 {[%emt 0:01:26]} Re7 {[%emt 0:11:19]} 23. e5 {[%emt 0:06:23]} b5 {[%emt 0:01:07]} 24. exd6 {[%emt 0:13:09]} Rxe1 {[%emt 0:00:39]} 25. Rxe1 {[%emt 0:00:13]} Nxd5 {[%emt 0:06:32]} 26. Nxd5 {[%emt 0:02:48]} bxa4 {[%emt 0:00:05]} 27. Ne7+ {[%emt 0:01:22]} Kh8 {[%emt 0:00:57]} 28. Nc6 {[%emt 0:00:32]} Qb6 {[%emt 0:00:18]} 29. Nxb8 {[%emt 0:00:35]} Qxb8 {[%emt 0:00:09]} 30. Bc3 {[%emt 0:03:12]} Bxc3 {[%emt 0:05:32]} 31. bxc3 {[%emt 0:00:28]} Kg8 {[%emt 0:02:33]} 32. Re7 {[%emt 0:02:09]} Nf8 {[%emt 0:05:09]} 33. Qf5 {[%emt 0:01:24]} f6 {[%emt 0:00:35]} 34. Qxc5 {[%emt 0:02:44]} Qb1+ {[%emt 0:00:17]} 35. Qg1 {[%emt 0:00:33]} 1-0